[Event "Spiltan & Pelaro IM"]
[Site "?"]
[Date "2004.06.12"]
[Round "1"]
[White "Welin, Mats"]
[Black "Bellon, Juan"]
[Result "1-0"]
[WhiteElo "2242"]
[BlackElo "2411"]
[PlyCount "55"]
[EventDate "2004.06.12"]

1. e4 c5 2. Nf3 Qa5 3. Bc4 Nc6 4. O-O e6 5. Re1 b5 6. Bf1 Rb8 7. b3 d6 8. a4 b4
9. d4 cxd4 10. Nxd4 Nxd4 11. Qxd4 e5 12. Qd3 Nf6 13. Bg5 Nd7 14. Nd2 h6 15. Nc4
Qc7 16. Be3 Nc5 17. Bxc5 dxc5 18. Qg3 g6 19. Ne3 Be6 20. Bb5+ Rxb5 21. axb5 Bg7
22. Red1 O-O 23. Nd5 Qb7 24. Qd3 Kh8 25. Ra6 Rd8 26. Rc6 Bf8 27. Qf3 Rd7 28.
Rxe6 1-0

[Event "Spiltan & Pelaro IM"]
[Site "?"]
[Date "2004.06.12"]
[Round "1"]
[White "Carlhammar, Magnus"]
[Black "Krivonosov, Oleg"]
[Result "1/2-1/2"]
[WhiteElo "2284"]
[BlackElo "2455"]
[PlyCount "114"]
[EventDate "2004.06.12"]

1. d4 d5 2. c4 e6 3. Nf3 Nf6 4. Nc3 Be7 5. Bg5 h6 6. Bh4 O-O 7. e3 Ne4 8. Bxe7
Qxe7 9. Rc1 c6 10. Bd3 Nxc3 11. Rxc3 dxc4 12. Bxc4 Nd7 13. O-O b6 14. Bd3 c5
15. Be4 Rb8 16. Qc2 a5 17. Rc1 Bb7 18. Bxb7 Rxb7 19. dxc5 Nxc5 20. Ne5 Qf6 21.
Nd3 Rd8 22. Nxc5 bxc5 23. Qe2 c4 24. g3 g6 25. Kg2 Kg7 26. h4 h5 27. a3 Qe5 28.
R1c2 Rxb2 29. Rxc4 Rb3 30. a4 Rb1 31. Qf3 Rd7 32. Rc1 Rxc1 33. Rxc1 Rd2 34. Rc4
Ra2 35. Qb7 Rb2 36. Qe4 Qxe4+ 37. Rxe4 Ra2 38. Kf3 Kf6 39. Rc4 Ke7 40. Rc7+ Kf8
41. Rc8+ Kg7 42. Rc4 f5 43. e4 Kf6 44. exf5 gxf5 45. Ke3 Ke7 46. Rc7+ Kd6 47.
Rh7 Ra3+ 48. Ke2 Rxa4 49. Rxh5 Ra2+ 50. Kf3 Ke7 51. Rh7+ Kf6 52. Ra7 Ra3+ 53.
Kg2 Ra2 54. Ra8 a4 55. Ra6 Kf7 56. Ra7+ Kf6 57. Ra6 Kf7 1/2-1/2

[Event "Spiltan & Pelaro IM"]
[Site "?"]
[Date "2004.06.12"]
[Round "1"]
[White "Wengholm, Anders"]
[Black "Cioara, Andrei"]
[Result "0-1"]
[WhiteElo "2206"]
[BlackElo "2383"]
[PlyCount "80"]
[EventDate "2004.06.12"]

1. Nf3 e6 2. c4 c5 3. g3 Nf6 4. Bg2 Nc6 5. Nc3 d5 6. cxd5 exd5 7. d4 Be7 8. O-O
O-O 9. Bg5 cxd4 10. Nxd4 h6 11. Be3 Bg4 12. h3 Be6 13. Rc1 Qd7 14. Kh2 Rac8 15.
Nxc6 bxc6 16. Na4 Rfe8 17. Bc5 Bf5 18. e3 Bd8 19. Bd4 Ne4 20. Nc5 Nxc5 21. Bxc5
Be4 22. Qa4 Rc7 23. Rfd1 Bxg2 24. Kxg2 h5 25. b3 h4 26. g4 f5 27. gxf5 Qxf5 28.
Qg4 Qf7 29. Rd4 Re6 30. Rf4 Rg6 31. Rxf7 Rxg4+ 32. hxg4 Kxf7 33. f4 g5 34. Kf3
Ke6 35. Bd4 Be7 36. f5+ Kf7 37. e4 dxe4+ 38. Kxe4 Bd6 39. Be3 Re7+ 40. Kd4 Rxe3
0-1

[Event "Spiltan & Pelaro IM"]
[Site "?"]
[Date "2004.06.12"]
[Round "1"]
[White "Dumitrache, Dragos"]
[Black "Åkesson, Joel"]
[Result "1/2-1/2"]
[WhiteElo "2490"]
[BlackElo "2360"]
[PlyCount "120"]
[EventDate "2004.06.12"]

1. d4 d5 2. c4 c6 3. Nf3 Nf6 4. e3 Bf5 5. Nc3 e6 6. Nh4 Be4 7. f3 Bg6 8. Qb3
Qb6 9. Nxg6 hxg6 10. Bd2 Nbd7 11. O-O-O O-O-O 12. Kb1 Qxb3 13. axb3 Bd6 14. h3
a6 15. Rc1 Kb8 16. Be2 Rhe8 17. Rhd1 Bb4 18. Be1 Ba5 19. Nxd5 Bxe1 20. Nxf6
Nxf6 21. Rxe1 e5 22. dxe5 Rxe5 23. Rcd1 Rde8 24. e4 Nh5 25. Rd7 f5 26. Bd3 Nf4
27. g3 Nxd3 28. Rxd3 Kc7 29. Kc2 g5 30. Red1 R8e7 31. exf5 Rxf5 32. R1d2 Ref7
33. Rf2 R5f6 34. Kd2 Rh6 35. Rh2 Rhf6 36. Ke2 Re7+ 37. Re3 Rd7 38. Rf2 Rh6 39.
Re5 Rxh3 40. Rxg5 Rh1 41. f4 b5 42. cxb5 axb5 43. Kf3 Rhd1 44. Re2 R1d3+ 45.
Re3 Rd2 46. Rc3 Kb6 47. Rg6 Rc7 48. Kg4 Rxb2 49. Kg5 b4 50. Re3 Rc2 51. f5 Rc3
52. Rge6 Rxe3 53. Rxe3 c5 54. Kg6 c4 55. bxc4 Kc5 56. Re1 Rb7 57. g4 Kxc4 58.
g5 b3 59. f6 gxf6 60. gxf6 b2 1/2-1/2

[Event "Spiltan & Pelaro IM"]
[Site "?"]
[Date "2004.06.12"]
[Round "1"]
[White "Gagarin, Vasilij"]
[Black "Valaker, Ole"]
[Result "1-0"]
[WhiteElo "2422"]
[BlackElo "2244"]
[PlyCount "79"]
[EventDate "2004.06.12"]

1. d4 d5 2. c4 Nc6 3. cxd5 Qxd5 4. e3 e5 5. Nc3 Bb4 6. Bd2 Bxc3 7. bxc3 Nge7 8.
c4 Qd6 9. d5 Nb8 10. Ne2 Na6 11. Nc3 c6 12. e4 O-O 13. Be2 f5 14. exf5 Bxf5 15.
O-O Qg6 16. Bh5 Qf6 17. Be3 c5 18. Bf3 Rad8 19. Qb3 b6 20. Qa4 Nb4 21. Be4 a5
22. Rad1 Bg4 23. f3 Bd7 24. Qb3 Nf5 25. Bxf5 Bxf5 26. Ne4 Qg6 27. a3 Na6 28.
Qd3 Nc7 29. Bf2 Ne6 30. Bg3 Nf4 31. Bxf4 exf4 32. Rfe1 Rfe8 33. d6 Re6 34. d7
Re7 35. Qd5+ Be6 36. Qc6 Rexd7 37. Rxd7 Bxd7 38. Qc7 Qe8 39. Nf6+ gxf6 40.
Rxe8+ 1-0

[Event "Spiltan & Pelaro IM"]
[Site "?"]
[Date "2004.06.12"]
[Round "1"]
[White "Polej, Vladimir"]
[Black "Edlund, Robin"]
[Result "1-0"]
[WhiteElo "2405"]
[BlackElo "2237"]
[PlyCount "81"]
[EventDate "2004.06.12"]

1. g3 Nf6 2. Nf3 g6 3. b4 Bg7 4. Bb2 O-O 5. Bg2 d6 6. d3 e5 7. Nbd2 a5 8. a3
Nc6 9. c3 Re8 10. O-O h6 11. Qc2 Be6 12. Rfe1 Qd7 13. e4 Bh3 14. Bh1 Nh5 15.
Nc4 Be6 16. Ne3 Nf6 17. b5 Nb8 18. d4 Qxb5 19. c4 Qa6 20. dxe5 dxe5 21. Bxe5 c6
22. c5 Nbd7 23. Bd4 Ng4 24. Bxg7 Kxg7 25. Qc3+ Kh7 26. Rad1 Nxe3 27. Rxe3 Qa7
28. Rc1 Re7 29. h4 h5 30. Ng5+ Kg8 31. Bg2 Rae8 32. Kh2 a4 33. Rd3 Bb3 34. f4
Nf8 35. e5 Nh7 36. Ne4 Qb8 37. Nd6 Rf8 38. Rd4 f5 39. Rb4 Qa7 40. Rb6 Rd8 41.
Qb4 1-0

[Event "Spiltan & Pelaro IM"]
[Site "?"]
[Date "2004.06.12"]
[Round "1"]
[White "Helin, Mikael"]
[Black "Nithander, Victor"]
[Result "0-1"]
[WhiteElo "1957"]
[BlackElo "2198"]
[PlyCount "114"]
[EventDate "2004.06.12"]

1. e4 c5 2. c4 Nc6 3. Nc3 g6 4. g3 Bg7 5. Bg2 e6 6. d3 Nge7 7. Bf4 d6 8. Qd2
Nd4 9. f3 b6 10. h4 h6 11. Rb1 Bb7 12. b4 cxb4 13. Rxb4 Rc8 14. Nge2 Nxe2 15.
Nxe2 d5 16. cxd5 exd5 17. Bh3 Rc5 18. e5 Nc6 19. Rb1 d4 20. e6 fxe6 21. Bxe6
Qe7 22. Bb3 g5 23. Kf1 gxf4 24. Nxf4 Ne5 25. Re1 Rf8 26. Rh2 Kd7 27. Qb4 Qd6
28. Qa4+ Kc8 29. Qxa7 Nxf3 30. Be6+ Kc7 31. Bd5 Nxh2+ 32. Kg1 Rxd5 33. Re7+
Qxe7 34. Nxd5+ Kd6 35. Qa3+ Kxd5 36. Qxe7 Nf3+ 37. Kh1 Bc6 38. Qxg7 Re8 39. Kg2
Ne1+ 40. Kh3 Kc5 41. Qxh6 Bd7+ 42. Kh2 Re2+ 43. Kg1 Nxd3 44. Qf8+ Kc4 45. Qa3
Rb2 46. h5 Rb1+ 47. Kh2 Ne5 48. Qa6+ b5 49. Qd6 Rb2+ 50. Kh1 Nf3 51. Qc7+ Kd3
52. g4 Bc6 53. h6 Rh2+ 54. Qxh2 Nxh2+ 55. Kxh2 Be4 56. Kg3 Ke3 57. Kh4 d3 0-1

[Event "Spiltan & Pelaro IM"]
[Site "?"]
[Date "2004.06.12"]
[Round "1"]
[White "Johansson, Robin"]
[Black "Lönngren, Tobias"]
[Result "1-0"]
[WhiteElo "1959"]
[BlackElo "2148"]
[PlyCount "107"]
[EventDate "2004.06.12"]

1. d4 Nf6 2. Nf3 e6 3. e3 b6 4. Bd3 Bb7 5. O-O Be7 6. c4 O-O 7. Nbd2 c5 8. b3
d6 9. Bb2 Nbd7 10. Qe2 Re8 11. Bc2 cxd4 12. exd4 Nf8 13. Rfe1 Qc7 14. Rac1 Rac8
15. h3 Qb8 16. Nh2 Qa8 17. f4 d5 18. g3 Bb4 19. Bd3 Ng6 20. Bc3 Bd6 21. Nhf3
Nh5 22. Qf2 dxc4 23. bxc4 Ngxf4 24. gxf4 Bxf4 25. Re2 Bxf3 26. Nxf3 Bxc1 27.
Ne5 Nf6 28. Qh4 Qb7 29. Rg2 a5 30. d5 g5 31. Qh6 exd5 32. Qxf6 Be3+ 33. Kh1 Re6
34. Qf5 d4 35. Be4 Qc7 36. Qxh7+ Kf8 37. Nc6 Qxc6 38. Bxc6 Rcxc6 39. Qh8+ Ke7
40. Bxd4 Bxd4 41. Qxd4 f6 42. Qd3 Rcd6 43. Qf3 Rc6 44. Re2 Rxe2 45. Qxe2+ Kd6
46. Qd3+ Kc7 47. Kg2 Rd6 48. Qc3 Kc6 49. Kf3 Kc5 50. Qb3 Kd4 51. Ke2 Ke4 52.
Qe3+ Kf5 53. Kf3 Kg6 54. Qe8+ 1-0

[Event "Spiltan & Pelaro IM"]
[Site "?"]
[Date "2004.06.12"]
[Round "1"]
[White "Tetenkina, Irina"]
[Black "Wesslén, Ulf"]
[Result "1/2-1/2"]
[WhiteElo "2199"]
[BlackElo "2052"]
[PlyCount "151"]
[EventDate "2004.06.12"]

1. Nf3 Nf6 2. c4 d6 3. d4 c5 4. Nc3 cxd4 5. Nxd4 g6 6. e4 Bg7 7. Be2 O-O 8. O-O
Bd7 9. Be3 Nc6 10. Rc1 Rc8 11. f4 Nxd4 12. Bxd4 Bc6 13. Bf3 Qa5 14. e5 dxe5 15.
fxe5 Bxf3 16. Rxf3 Ng4 17. Nd5 Nxe5 18. Nxe7+ Kh8 19. Ra3 Qc7 20. Nxc8 Rd8 21.
Kh1 Qxc8 22. Qg1 Qg4 23. Bxa7 h5 24. h3 Qe4 25. Re3 Qc6 26. Rd1 Rxd1 27. Qxd1
b6 28. Qd8+ Kh7 29. Qxb6 Qxc4 30. Rc3 Qxa2 31. Rc7 Qb1+ 32. Qg1 Qxb2 33. Bd4
Qb3 34. Qa1 Qg3 35. Rc3 Qh4 36. Rc5 Nd3 37. Rd5 Nf2+ 38. Bxf2 Qxf2 39. Qd1 Qg3
40. Rd3 Qe5 41. Rf3 Bf6 42. Qf1 Kg7 43. Rb3 Qd4 44. Rb7 Qc3 45. Rd7 Qc6 46. Qd1
Qe6 47. Rb7 Qe3 48. Qf3 Qe6 49. Qf2 Qd5 50. Rb1 Qd3 51. Rf1 Qc3 52. h4 Qe5 53.
g3 Qe6 54. Kh2 Qe5 55. Qf3 Qe6 56. Rf2 Qe7 57. Kg2 Qe6 58. Re2 Qd6 59. Qe4 Qc5
60. Rd2 Qc7 61. Qd5 Qc8 62. Kh2 Qc7 63. Kh3 Qc3 64. Re2 Qc1 65. Kg2 Qc3 66. Qd6
Qc8 67. Kh2 Qf5 68. Kg2 Qc8 69. Rf2 Qc3 70. Qd7 Qe3 71. Qd5 Qc3 72. Ra2 Qc7 73.
Ra8 Qc2+ 74. Kh3 Qf2 75. Qa2 Qf3 76. Qg2 1/2-1/2

[Event "Spiltan & Pelaro IM"]
[Site "?"]
[Date "2004.06.13"]
[Round "2"]
[White "Cioara, Andrei"]
[Black "Ask, Josef"]
[Result "0-1"]
[WhiteElo "2383"]
[BlackElo "2183"]
[PlyCount "77"]
[EventDate "2004.06.12"]

1. d4 e6 2. c4 f5 3. g4 fxg4 4. e4 Bb4+ 5. Nc3 e5 6. dxe5 d6 7. Bf4 Nc6 8. exd6
cxd6 9. Nge2 Qf6 10. Qd2 Ne5 11. O-O-O Be6 12. Nd4 Ne7 13. Bg5 Qf7 14. Bxe7
Qxe7 15. Nxe6 Qxe6 16. Qd5 Qh6+ 17. Kc2 O-O-O 18. Be2 Rhf8 19. Rdf1 Bc5 20. Nd1
Rf4 21. b4 Bxb4 22. Ne3 Rxf2 23. Rxf2 Qxe3 24. Rhf1 h5 25. Kb1 Rd7 26. c5 Bxc5
27. Bb5 Re7 28. Rc2 Nf3 29. Qxd6 b6 30. Ba6+ Rb7 31. Qc6+ Kd8 32. Rd1+ Nd4 33.
Qxb7 Ke8 34. Qd5 h4 35. Qe5+ Kd8 36. Qd5+ Ke8 37. Bb5+ Ke7 38. Qe5+ Kd8 39.
Qd5+ {Time...} 0-1

[Event "Spiltan & Pelaro IM"]
[Site "?"]
[Date "2004.06.13"]
[Round "2"]
[White "Johansson, Robin"]
[Black "Welin, Mats"]
[Result "1-0"]
[WhiteElo "1959"]
[BlackElo "2242"]
[PlyCount "79"]
[EventDate "2004.06.12"]

1. d4 Nf6 2. Nf3 e6 3. e3 c5 4. Bd3 d5 5. b3 Nbd7 6. Bb2 Qc7 7. c4 dxc4 8. bxc4
b6 9. O-O Bb7 10. Nbd2 Bd6 11. Rc1 O-O 12. Qe2 Rfe8 13. Bb1 cxd4 14. exd4 e5
15. d5 e4 16. Nd4 Bxh2+ 17. Kh1 Bf4 18. g3 Bg5 19. Nb5 Qb8 20. Rce1 a6 21. Nc3
Bxd2 22. Qxd2 Qc8 23. Qe2 Nc5 24. Kg2 Qc7 25. Nd1 Nfd7 26. f4 Qd6 27. Ne3 Qg6
28. f5 Qg5 29. Rf4 Ne5 30. Bxe5 Rxe5 31. Rh1 Nd3 32. Bxd3 exd3 33. Qxd3 Rae8
34. Re1 b5 35. Kf2 bxc4 36. Qc3 Bxd5 37. Rg4 Qh5 38. Nxd5 Qxf5+ 39. Nf4 f6 40.
Rxe5 {Time ...} 1-0

[Event "Spiltan & Pelaro IM"]
[Site "?"]
[Date "2004.06.13"]
[Round "2"]
[White "Wesslén, Ulf"]
[Black "Dumitrache, Dragos"]
[Result "0-1"]
[WhiteElo "2052"]
[BlackElo "2490"]
[PlyCount "82"]
[EventDate "2004.06.12"]

1. f4 Nf6 2. Nf3 g6 3. b3 Bg7 4. Bb2 O-O 5. e3 c5 6. Be2 Nc6 7. O-O d5 8. d4
Ne4 9. Nbd2 Nd6 10. Ne5 Nf5 11. Rf3 cxd4 12. Nf1 Qb6 13. g4 Nxe3 14. Nxe3 dxe3
15. Rh3 d4 16. Nd3 e5 17. Qe1 e4 18. Qh4 h6 19. Ne1 Qd8 20. Qg3 Be6 21. Ng2 Qa5
22. Rh4 Rad8 23. f5 Qd2 24. Re1 Bc8 25. f6 Bxf6 26. Rxh6 Ne5 27. Qh3 Bg7 28.
Rh7 Nf3+ 29. Bxf3 Qf2+ 30. Kh1 exf3 31. Rg1 fxg2+ 32. Rxg2 Qf1+ 33. Rg1 Qxh3
34. Rxh3 Be6 35. Re1 Rc8 36. Ba3 Rfe8 37. Rg3 Rxc2 38. h4 Bd5+ 39. Kg1 d3 40.
Bb4 d2 41. Bxd2 Rxd2 0-1

[Event "Spiltan & Pelaro IM"]
[Site "?"]
[Date "2004.06.13"]
[Round "2"]
[White "Nithander, Victor"]
[Black "Gagarin, Vasilij"]
[Result "0-1"]
[WhiteElo "2198"]
[BlackElo "2422"]
[PlyCount "82"]
[EventDate "2004.06.12"]

1. e4 c5 2. Nf3 Nc6 3. d4 cxd4 4. Nxd4 Nf6 5. Nc3 e5 6. Ndb5 d6 7. Bg5 a6 8.
Na3 b5 9. Nd5 Be7 10. Bxf6 Bxf6 11. c3 Rb8 12. Nc2 Bg5 13. Ncb4 Nxb4 14. Nxb4
Bb7 15. a4 O-O 16. axb5 axb5 17. Qg4 Kh8 18. Bxb5 f5 19. exf5 Bxg2 20. Rg1 Rxb5
21. Rxg2 Bh6 22. Ra7 Qf6 23. Qe4 d5 24. Nxd5 Qd6 25. c4 Rxb2 26. f6 Rxf6 27.
Ra8+ Rf8 28. Rxf8+ Qxf8 29. Qxe5 Rb8 30. Kf1 Re8 31. Qc3 Qf5 32. f3 Qb1+ 33.
Kf2 Ra8 34. Kg3 Qg6+ 35. Kh3 Bg5 36. Rg4 Ra2 37. Kg3 h5 38. Qb3 Qd6+ 39. f4 Ra3
40. Rxg5 Rxb3+ 41. Kh4 g6 0-1

[Event "Spiltan & Pelaro IM"]
[Site "?"]
[Date "2004.06.13"]
[Round "2"]
[White "Lönngren, Tobias"]
[Black "Bellon, Juan"]
[Result "1/2-1/2"]
[WhiteElo "2148"]
[BlackElo "2411"]
[PlyCount "188"]
[EventDate "2004.06.12"]

1. d4 g6 2. Nf3 Bg7 3. c4 d6 4. Nc3 c6 5. e4 Bg4 6. Be2 Bxf3 7. Bxf3 Qb6 8. d5
Nd7 9. O-O Rc8 10. Na4 Qa6 11. Be2 c5 12. Rb1 Ngf6 13. f3 O-O 14. b3 Ne8 15.
Qc2 e6 16. Bb2 Bxb2 17. Qxb2 e5 18. g3 f5 19. exf5 gxf5 20. f4 Ng7 21. Nc3 Rce8
22. Bd3 Qa5 23. Qc2 a6 24. a4 Qd8 25. Rf2 Qf6 26. Rbf1 e4 27. Be2 h5 28. Kh1
Kf7 29. Rg2 Rh8 30. Nd1 Ke7 31. Qb2 Qd4 32. Qc1 Kd8 33. Ne3 Reg8 34. Rd1 Qf6
35. Qa1 Kc7 36. Qxf6 Nxf6 37. h3 Kb6 38. Kg1 Ka5 39. Kf2 Kb4 40. Rb1 Nd7 41.
Rgg1 Rf8 42. Ng2 Rf6 43. Ke3 Ne8 44. Kd2 Rf7 45. Ke3 Nc7 46. Ne1 Rg7 47. Nc2+
Ka5 48. b4+ cxb4 49. Nd4 Rf7 50. Nb3+ Kb6 51. a5+ Ka7 52. Nd4 Nc5 53. Rxb4 Rh6
54. Rgb1 Rg6 55. Kf2 Rff6 56. Nb3 Nd7 57. h4 Rg7 58. Bxh5 Ka8 59. Be2 Rf8 60.
Rh1 Rg6 61. Rh3 Kb8 62. Na1 Rc8 63. h5 Rf6 64. Ke3 Rh6 65. Kd4 Ka7 66. g4 fxg4
67. Bxg4 Rd8 68. Bxd7 Rxd7 69. Kxe4 Ne8 70. Nc2 Nf6+ 71. Kf3 Rg7 72. Ne3 Rg1
73. Nf5 Rh7 74. Rb2 Rc1 75. Ne3 Rc3 76. Re2 Nxh5 77. f5 b5 78. axb6+ Kxb6 79.
Rh4 a5 80. Rb2+ Ka6 81. Kf2 Nf6 82. Rxh7 Nxh7 83. Kf3 a4 84. Kf4 a3 85. Ra2 Ka5
86. Ke4 Ka4 87. Kd4 Rb3 88. Nc2 Nf6 89. Rxa3+ Rxa3 90. Nxa3 Kxa3 91. c5 dxc5+
92. Kxc5 Kb3 93. Kd6 Kc4 94. Ke6 Nxd5 1/2-1/2

[Event "Spiltan & Pelaro IM"]
[Site "?"]
[Date "2004.06.13"]
[Round "2"]
[White "Sagit, Rauan"]
[Black "Polej, Vladimir"]
[Result "0-1"]
[WhiteElo "2081"]
[BlackElo "2405"]
[PlyCount "72"]
[EventDate "2004.06.12"]

1. e4 g6 2. Nf3 Bg7 3. d4 c6 4. h3 d5 5. exd5 cxd5 6. Bd3 Nc6 7. c3 Nh6 8. O-O
O-O 9. Re1 e6 10. b4 a6 11. Nbd2 f6 12. Nb3 Nf7 13. h4 e5 14. dxe5 fxe5 15. Ng5
e4 16. Nxf7 Rxf7 17. Bg5 Bf6 18. Bf1 Bxg5 19. hxg5 Qxg5 20. Re3 Ne5 21. Rg3 Qf4
22. Qxd5 Qxf2+ 23. Kh2 Nf3+ 24. Rxf3 exf3 25. Qd8+ Kg7 26. Qd4+ Qxd4 27. Nxd4
fxg2 28. Bxg2 Bg4 29. Kg3 h5 30. Bd5 Re7 31. c4 Rf8 32. a4 Re3+ 33. Kg2 Rf4 34.
Bxb7 Rxd4 35. a5 Rd2+ 36. Kf1 Bh3+ 0-1

[Event "Spiltan & Pelaro IM"]
[Site "?"]
[Date "2004.06.13"]
[Round "2"]
[White "Krivonosov, Oleg"]
[Black "Tetenkina, Irina"]
[Result "1-0"]
[WhiteElo "2455"]
[BlackElo "2199"]
[PlyCount "185"]
[EventDate "2004.06.12"]

1. Nf3 c5 2. c4 Nc6 3. d4 cxd4 4. Nxd4 g6 5. e4 Bg7 6. Be3 Nf6 7. Nc3 O-O 8.
Be2 d6 9. O-O a6 10. Qd2 Bd7 11. f3 Rb8 12. Rac1 Nxd4 13. Bxd4 b5 14. cxb5 axb5
15. b4 Bc6 16. Rfd1 Qd7 17. a4 bxa4 18. b5 Bxb5 19. Nxb5 Rxb5 20. Bxb5 Qxb5 21.
Rb1 Qa6 22. Rb6 Qa8 23. Qe2 Qa5 24. Qa6 Qg5 25. Rb5 Qf4 26. Qxa4 Rc8 27. Qb3
Rc1 28. Bb2 Rxd1+ 29. Qxd1 Qe3+ 30. Kh1 Nd7 31. Rb3 Qf2 32. Bxg7 Kxg7 33. Qa1+
Ne5 34. h3 h5 35. Qg1 Qd2 36. Qe3 Qd1+ 37. Kh2 f6 38. Rb7 Kf7 39. f4 Nc6 40.
Qc3 Qa4 41. Rb6 Nd8 42. Qd3 f5 43. exf5 Qxf4+ 44. Kh1 Qc1+ 45. Kh2 Qf4+ 46. Kh1
Qxf5 47. Qe3 Ne6 48. Rb2 Qd5 49. Rf2+ Ke8 50. Re2 Kd7 51. Qa7+ Nc7 52. Qa4+ Kd8
53. Rb2 e5 54. Qc2 e4 55. Rb8+ Kd7 56. Rb4 e3 57. Re4 Qc5 58. Qxc5 dxc5 59.
Rxe3 Nd5 60. Re4 Kd6 61. Kg1 Nf6 62. Ra4 Kd5 63. Kf2 Nd7 64. Ke3 g5 65. Ra7 Nf8
66. Rf7 Ne6 67. Rf5+ Kd6 68. g3 h4 69. gxh4 gxh4 70. Rh5 Ng7 71. Rg5 Ne6 72.
Rg4 Ke5 73. Rxh4 Kf5 74. Rh5+ Kg6 75. Re5 Kf6 76. Rd5 Kg6 77. h4 Ng7 78. Kf4
Nh5+ 79. Kf3 Nf6 80. Rxc5 Nh5 81. Rg5+ Kh6 82. Kg4 Nf6+ 83. Kf4 Nh5+ 84. Kf5
Ng7+ 85. Kg4 Ne8 86. Rf5 Kg6 87. h5+ Kh6 88. Rf8 Nc7 89. Rc8 Nd5 90. Rc6+ Kg7
91. Kg5 Ne7 92. Rc7 Kf8 93. h6 1-0

[Event "Spiltan & Pelaro IM"]
[Site "?"]
[Date "2004.06.13"]
[Round "2"]
[White "Valaker, Ole"]
[Black "Helin, Mikael"]
[Result "1-0"]
[WhiteElo "2244"]
[BlackElo "1957"]
[PlyCount "80"]
[EventDate "2004.06.12"]

1. d4 g6 2. Nf3 d6 3. c3 Bg7 4. Bg5 h6 5. Bf4 Nf6 6. h3 Nbd7 7. g4 Nf8 8. Bg2
c6 9. Nbd2 Ne6 10. Bg3 g5 11. e4 Qb6 12. Qc2 Bd7 13. a4 h5 14. Nc4 Qa6 15. Ne3
hxg4 16. hxg4 O-O-O 17. Rxh8 Rxh8 18. a5 Bf8 19. Bf1 b5 20. c4 Kb7 21. b4 Rh1
22. e5 Ne8 23. Kd2 Rh8 24. d5 N6c7 25. Nxg5 Bg7 26. Rc1 c5 27. Nxf7 Rf8 28. e6
Bc8 29. cxb5 Nxb5 30. Bxb5 Qxb5 31. Qc4 Nc7 32. Qxb5+ Nxb5 33. bxc5 Bc3+ 34.
Rxc3 Nxc3 35. Kxc3 dxc5 36. Bh4 Re8 37. Nf5 Rg8 38. f3 Bxe6 39. dxe6 Ka6 40.
Nxe7 Re8 1-0

[Event "Spiltan & Pelaro IM"]
[Site "?"]
[Date "2004.06.13"]
[Round "2"]
[White "Åkesson, Joel"]
[Black "Nemeth, Sebastian"]
[Result "1-0"]
[WhiteElo "2360"]
[BlackElo "2124"]
[PlyCount "40"]
[EventDate "2004.06.12"]

1. d4 Nf6 2. Nf3 g6 3. c4 Bg7 4. g3 O-O 5. Bg2 c5 6. Nc3 Na6 7. O-O d6 8. e4
Bg4 9. Be3 Nd7 10. Ne2 Rc8 11. b3 cxd4 12. Nfxd4 Ne5 13. h3 Bd7 14. Qd2 Nc5 15.
Rad1 a6 16. f4 Nc6 17. Nc2 Be8 18. e5 b5 19. cxb5 axb5 20. exd6 Nb7 1-0

[Event "Spiltan & Pelaro IM"]
[Site "?"]
[Date "2004.06.14"]
[Round "3"]
[White "Dumitrache, Dragos"]
[Black "Krivonosov, Oleg"]
[Result "1/2-1/2"]
[WhiteElo "2490"]
[BlackElo "2455"]
[PlyCount "20"]
[EventDate "2004.06.12"]

1. d4 d5 2. c4 e6 3. Nc3 Nf6 4. Bg5 Be7 5. e3 h6 6. Bh4 O-O 7. Qc2 Ne4 8. Bxe7
Qxe7 9. Nxe4 dxe4 10. O-O-O f5 1/2-1/2

[Event "Spiltan & Pelaro IM"]
[Site "?"]
[Date "2004.06.14"]
[Round "3"]
[White "Welin, Mats"]
[Black "Cioara, Andrei"]
[Result "0-1"]
[WhiteElo "2242"]
[BlackElo "2383"]
[PlyCount "120"]
[EventDate "2004.06.12"]

1. e4 c6 2. d4 d5 3. exd5 cxd5 4. c4 Nf6 5. Nc3 g6 6. Qb3 Bg7 7. cxd5 O-O 8.
Be2 Na6 9. Bf3 Qb6 10. Qxb6 axb6 11. Nge2 Nb4 12. O-O Rd8 13. d6 Rxd6 14. Bf4
Rd7 15. Rfd1 Nfd5 16. Bg3 e6 17. a3 Nc6 18. Nxd5 exd5 19. Rd3 Re7 20. Rad1 Bf5
21. Re3 Rd7 22. h4 h5 23. Bf4 Na5 24. Rc3 Nc4 25. Bc1 b5 26. Nf4 Be4 27. Be2
Bf8 28. g4 b4 29. axb4 Bxb4 30. Rb3 Be7 31. Rf1 hxg4 32. Bxg4 f5 33. Be2 Bxh4
34. f3 Na5 35. Ra3 Bc2 36. b4 g5 37. Bb5 Rdd8 38. Ne6 Nb3 39. Nxd8 Rxd8 40. Bb2
Nd2 41. Rc1 Bb3 42. Bc3 Bc4 43. Bxd2 Bxb5 44. Rc7 Rb8 45. f4 g4 46. Re3 Bd8 47.
Rc5 Bc4 48. Re8+ Kf7 49. Rh8 Kg7 50. Re8 b6 51. Rxc4 dxc4 52. b5 Kf7 53. Rh8
Ke6 54. Re8+ Kd5 55. Be3 Bc7 56. Re7 Bd6 57. Rd7 c3 58. Kf1 c2 59. Bc1 Ra8 60.
Ke2 Ra1 0-1

[Event "Spiltan & Pelaro IM"]
[Site "?"]
[Date "2004.06.14"]
[Round "3"]
[White "Carlhammar, Magnus"]
[Black "Åkesson, Joel"]
[Result "1/2-1/2"]
[WhiteElo "2284"]
[BlackElo "2360"]
[PlyCount "70"]
[EventDate "2004.06.12"]

1. d4 d5 2. c4 c6 3. Nf3 Nf6 4. Nc3 dxc4 5. a4 Bf5 6. e3 e6 7. Bxc4 Bb4 8. O-O
O-O 9. Qe2 Bg6 10. Ne5 Nbd7 11. Nxg6 hxg6 12. Na2 Bd6 13. e4 e5 14. f4 exd4 15.
e5 Bc5 16. Kh1 Nd5 17. b4 Be7 18. a5 Re8 19. Rd1 Nf8 20. Rxd4 Qd7 21. Be3 Ne6
22. Rd2 Nec7 23. Qf3 Qc8 24. Bc5 Bxc5 25. bxc5 Ne6 26. Bxd5 cxd5 27. Rxd5 Nxc5
28. Nc3 Qc6 29. Rad1 Rac8 30. h3 b6 31. axb6 axb6 32. Qf1 Na4 33. Nb5 Nc3 34.
Nxc3 Qxc3 35. Qf2 Qc4 1/2-1/2

[Event "Spiltan & Pelaro IM"]
[Site "?"]
[Date "2004.06.14"]
[Round "3"]
[White "Nithander, Victor"]
[Black "Valaker, Ole"]
[Result "1-0"]
[WhiteElo "2198"]
[BlackElo "2244"]
[PlyCount "63"]
[EventDate "2004.06.12"]

1. e4 c6 2. d4 d5 3. exd5 cxd5 4. c4 Nf6 5. Nc3 Nc6 6. Nf3 Bg4 7. Be3 e6 8. c5
Bxf3 9. gxf3 Be7 10. Qa4 O-O 11. f4 Qc7 12. O-O-O b6 13. Bg2 Rab8 14. f5 bxc5
15. dxc5 Rb4 16. Qa6 Nb8 17. Qe2 Bxc5 18. Bg5 Be7 19. a3 Rc4 20. Kb1 Rxc3 21.
Bxf6 Bxf6 22. bxc3 Qxc3 23. Ka2 Be7 24. Qd3 Qc5 25. Rd2 Rc8 26. fxe6 fxe6 27.
Bh3 Rc6 28. Re1 Ra6 29. Bxe6+ Kh8 30. Re3 Qc1 31. Rb2 Bxa3 32. Rxb8+ 1-0

[Event "Spiltan & Pelaro IM"]
[Site "?"]
[Date "2004.06.14"]
[Round "3"]
[White "Sagit, Rauan"]
[Black "Edlund, Robin"]
[Result "1-0"]
[WhiteElo "2081"]
[BlackElo "2237"]
[PlyCount "80"]
[EventDate "2004.06.12"]

1. e4 c5 2. c3 Qa5 3. Na3 e6 4. Nc4 Qc7 5. d4 d5 6. exd5 exd5 7. Ne5 Nc6 8.
Ngf3 Bd6 9. Bb5 Nge7 10. O-O O-O 11. Re1 Bf5 12. Bd3 Bxd3 13. Qxd3 c4 14. Qc2
Ng6 15. Nxg6 fxg6 16. Bg5 Rf5 17. Bh4 Raf8 18. Bg3 g5 19. Re2 h5 20. Rae1 h4
21. Bxd6 Qxd6 22. Re8 Qf4 23. Rxf8+ Rxf8 24. Re3 h3 25. Ne1 hxg2 26. Nxg2 Qg4
27. Rg3 Qh5 28. Qd2 g4 29. Qe2 Re8 30. Re3 Rf8 31. h3 Qg6 32. hxg4 a5 33. Re6
Qb1+ 34. Ne1 Qc1 35. Re3 a4 36. Kg2 Qb1 37. Nf3 a3 38. bxa3 Qg6 39. Ne5 Nxe5
40. dxe5 Qd3 1-0

[Event "Spiltan & Pelaro IM"]
[Site "?"]
[Date "2004.06.14"]
[Round "3"]
[White "Polej, Vladimir"]
[Black "Ask, Josef"]
[Result "1-0"]
[WhiteElo "2405"]
[BlackElo "2183"]
[PlyCount "113"]
[EventDate "2004.06.12"]

1. Nf3 e6 2. g3 f5 3. Bg2 Nf6 4. O-O Be7 5. c4 O-O 6. d3 d6 7. b4 Qe8 8. Nbd2
Nc6 9. b5 Nd8 10. a4 e5 11. Ba3 c5 12. bxc6 Nxc6 13. Nb3 Qh5 14. e3 f4 15. exf4
Bh3 16. Ng5 Bg4 17. f3 Bd7 18. fxe5 Nxe5 19. f4 Neg4 20. h3 Ne3 21. Qxh5 Nxh5
22. Rfe1 Bxg5 23. Rxe3 Bf6 24. Bxd6 Bxa1 25. Bxf8 Bc3 26. Bc5 Bxa4 27. Bxb7 Rb8
28. Bd5+ Kh8 29. Nd4 Bd2 30. Re2 Bc1 31. Bxa7 Rb1 32. Kh2 Nf6 33. Bc6 Bd1 34.
Re7 Rb2+ 35. Bg2 Rd2 36. Nf5 Bf3 37. Nh4 Bxg2 38. Nxg2 Rxd3 39. Be3 Ba3 40. Ra7
h6 41. c5 Kh7 42. c6 Bd6 43. c7 Rc3 44. Bd4 Rxc7 45. Rxc7 Bxc7 46. Bxf6 gxf6
47. Nh4 h5 48. Kg2 Ba5 49. Kf3 Be1 50. Ng2 Bc3 51. Ke4 Ba5 52. Kf5 Kg7 53. Ke6
Bb6 54. f5 Bd4 55. Nf4 Kh6 56. Nd5 Kg5 57. Nxf6 1-0

[Event "Spiltan & Pelaro IM"]
[Site "?"]
[Date "2004.06.14"]
[Round "3"]
[White "Nemeth, Sebastian"]
[Black "Lönngren, Tobias"]
[Result "1-0"]
[WhiteElo "2124"]
[BlackElo "2148"]
[PlyCount "61"]
[EventDate "2004.06.12"]

1. d4 Nf6 2. Nf3 e6 3. g3 c5 4. c3 b6 5. Bg2 Bb7 6. O-O Be7 7. Nbd2 O-O 8. dxc5
Bxc5 9. Qc2 Be7 10. e4 d6 11. Ng5 Qc7 12. f4 e5 13. Nb3 Nbd7 14. Bd2 Nc5 15.
Rae1 Rad8 16. Bc1 h6 17. Nh3 a5 18. Kh1 Nxb3 19. Qxb3 Nd7 20. Qc2 Bc6 21. f5
Qb7 22. Qe2 d5 23. Nf2 Nf6 24. Ng4 Nxe4 25. Nxe5 Be8 26. c4 Nf6 27. Ng4 Nxg4
28. Qxg4 Bg5 29. Bxg5 hxg5 30. f6 Rd6 31. Qxg5 1-0